000 00360nam a2200145Ia 4500
008 100204s9999 xx 000 0 und d
082 _b490
100 _aमनोज
245 _aअकेला
260 _bमनोज पॉकेट बुक्स
300 _a204
630 _aअकेला
730 _aअकेला
942 _cBOOK
999 _c445685
_d445682